MARC

LEADER 00000nam0a2200000 4500
001 368135
005 20231102012043.0
035 |a (RuTPU)RU\TPU\retro\25498 
090 |a 368135 
100 |a 20220331d1979 k y0rusy50 ca 
101 0 |a rus 
102 |a BY 
105 |a a z 001zy 
200 1 |a Вопросы математической кибернетики  |e сборник научных трудов  |f Минский государственный педагогический институт им. А. М. Горького ; отв. ред. А. Ш. Блох 
210 |a Минск  |c Изд-во МГПИ  |d 1979 
215 |a 193 с.  |c ил. 
320 |a Библиогр. в конце ст. 
606 1 |a Математическая кибернетика  |2 stltpush  |3 (RuTPU)RU\TPU\subj\41203  |9 61011 
610 1 |a распознавание образов 
610 1 |a интерполяция 
610 1 |a функции комплексного переменного 
610 1 |a автоматы 
610 1 |a перемещения 
610 1 |a синтез 
610 1 |a логические элементы 
610 1 |a импульсные граф-схемы 
610 1 |a комбинаторные игры 
610 1 |a арифметические функции 
610 1 |a дискретная математика 
675 |a 519.7  |v 4 
702 1 |a Блох  |b А. Ш.  |4 340 
712 0 2 |a Минский государственный педагогический институт им. А. М. Горького  |c (1936-1993)  |2 stltpush  |3 (RuTPU)RU\TPU\col\27491  |9 28678 
801 1 |a RU  |b 63413507  |c 20220331 
942 |c BK